Deutsche Buchmalerei des Frühmittelalters

Saved in:  
Bibliographic Details
Main Author: Wolf, Horst (Author)
Format: Print Book
Language:German
Subito Delivery Service: Order now.
Check availability: HBZ Gateway
WorldCat: WorldCat
Interlibrary Loan:Interlibrary Loan for the Fachinformationsdienste (Specialized Information Services in Germany)
Published: Berlin Evangelische Verlags-Anstalt 1989
In:Year: 1989
Edition:1. Auflage
Standardized Subjects / Keyword chains:B Deutschland (boat, 1866-1875) / Book illumination / History 800-1100
Further subjects:B Illumination of books and manuscripts, Medieval (Germany)
B Illumination of books and manuscripts, German
B Illumination of books and manuscripts, Carolingian (Germany)
B Illumination of books and manuscripts, Ottonian (Germany)
Online Access: Table of Contents
Sammlungen:

MARC

LEADER 00000cam a2200000 c 4500
001 021121095
003 DE-627
005 20251219204620.0
007 tu
008 901108s1989 xx ||||| 00| ||ger c
010 |a  91152316  
016 7 |a 900286431  |2 DE-101 
020 |a 3374008437  |9 3-374-00843-7 
035 |a (DE-627)021121095 
035 |a (DE-576)019195117 
035 |a (DE-599)GBV021121095 
035 |a (OCoLC)23664873 
035 |a (OCoLC)260152202 
035 |a (DE-604)8025035940 
040 |a DE-627  |b ger  |c DE-627  |e rakwb 
041 |a ger 
044 |c XA-DDDE 
050 0 |a ND3151 
082 0 |a 745.67431  |q OCLC 
084 |a 46  |2 sdnb 
084 |a 9,10  |a 1  |2 ssgn 
084 |a AM 57100  |2 rvk  |0 (DE-625)rvk/4381:1673 
084 |a LK 86120  |2 rvk  |0 (DE-625)rvk/98626: 
084 |a LK 86140  |2 rvk  |0 (DE-625)rvk/98627: 
084 |a 06.22  |2 bkl 
084 |a 21.19  |2 bkl 
100 1 |e VerfasserIn  |0 (DE-588)1073460010  |0 (DE-627)829526242  |0 (DE-576)435017179  |4 aut  |a Wolf, Horst 
109 |a Wolf, Horst 
245 1 0 |a Deutsche Buchmalerei des Frühmittelalters  |c Horst Wolf 
250 |a 1. Auflage 
264 1 |a Berlin  |b Evangelische Verlags-Anstalt  |c 1989 
300 |a 55, 48 Seiten  |b Illustrationen  |c 8° 
336 |a Text  |b txt  |2 rdacontent 
337 |a ohne Hilfsmittel zu benutzen  |b n  |2 rdamedia 
338 |a Band  |b nc  |2 rdacarrier 
500 |a Includes bibliographical references (p. 49-[50]) and index 
583 1 |a Archivierung/Langzeitarchivierung gewährleistet  |f SSG  |x XA-DE-BW  |2 pdager  |5 DE-16 
583 1 |a Archivierung prüfen  |c 20240324  |f DE-4165  |z 3  |2 pdager 
601 |a Deutsche 
650 0 |a Illumination of books and manuscripts, German 
650 0 |a Illumination of books and manuscripts, Carolingian  |z Germany 
650 0 |a Illumination of books and manuscripts, Ottonian  |z Germany 
650 0 |a Illumination of books and manuscripts, Medieval  |z Germany 
689 0 0 |d g  |0 (DE-588)4011882-4  |0 (DE-627)104704861  |0 (DE-576)208896155  |2 gnd  |a Deutschland 
689 0 1 |d s  |0 (DE-588)4008650-1  |0 (DE-627)104318244  |0 (DE-576)208877517  |2 gnd  |a Buchmalerei 
689 0 2 |q z  |2 gnd  |a Geschichte 800-1100 
689 0 |5 DE-101 
856 4 2 |u http://d-nb.info/900286431/04  |m B:DE-101  |q application/pdf  |3 Inhaltsverzeichnis  |7 1 
935 |a RFBW  |a mteo 
935 |i Blocktest 
936 r v |a AM 57100  |b Deutschland  |k Allgemeines  |k Schrift und Handschriftenkunde. Schriftarten und Schreiben  |k Handschriftenkunde  |k Geschichte der Buchmalerei  |k Buchmalerei einzelner Länder  |k Europa  |k Mitteleuropa  |k Deutschland  |0 (DE-627)1271917211  |0 (DE-625)rvk/4381:1673  |0 (DE-576)201917211 
936 r v |a LK 86120  |b karolingisch  |k Kunstgeschichte  |k Kunst nach Ländern bzw. Kontinenten  |k Deutschland  |k Deutsche Kunstgeschichte nach Gattungen  |k Buchmalerei  |k Ordnung nach Epochen  |k karolingisch  |0 (DE-627)1271170337  |0 (DE-625)rvk/98626:  |0 (DE-576)201170337 
936 r v |a LK 86140  |b ottonisch  |k Kunstgeschichte  |k Kunst nach Ländern bzw. Kontinenten  |k Deutschland  |k Deutsche Kunstgeschichte nach Gattungen  |k Buchmalerei  |k Ordnung nach Epochen  |k ottonisch  |0 (DE-627)1271170345  |0 (DE-625)rvk/98627:  |0 (DE-576)201170345 
936 b k |a 06.22  |j Buchgestaltung  |0 (DE-627)106403591 
936 b k |a 21.19  |j Malerei: Sonstiges  |0 (DE-627)106406663 
951 |a BO 
ELC |b 1 
ITA |a 1  |t 1 
LOK |0 000 xxxxxcx a22 zn 4500 
LOK |0 001 3330524723 
LOK |0 003 DE-627 
LOK |0 004 021121095 
LOK |0 005 20050511000000 
LOK |0 008 050511||||||||||||||||ger||||||| 
LOK |0 040   |a DE-21  |c DE-627  |d DE-21 
LOK |0 852   |a DE-21 
LOK |0 852 1  |c 45 A 2656  |9 00 
LOK |0 866   |x mh 
LOK |0 938   |l 31  |8 2 
LOK |0 938   |l 11/05/05  |8 6 
LOK |0 939   |a 11-05-05  |b l01 
LOK |0 000 xxxxxcx a22 zn 4500 
LOK |0 001 4488228038 
LOK |0 003 DE-627 
LOK |0 004 021121095 
LOK |0 005 20240821134242 
LOK |0 008 240220||||||||||||||||ger||||||| 
LOK |0 040   |a DE-Tue135  |c DE-627  |d DE-Tue135 
LOK |0 092   |o n 
LOK |0 852   |a DE-Tue135 
LOK |0 852 1  |9 00 
LOK |0 866   |x SPQUE#Reformationsgeschichtliche Forschungsbibliothek Wittenberg#SPSAM#Predigerseminar#SPUSM#Bestand(1952-2017) 
LOK |0 935   |a RFBW  |a bips  |a psnb 
LOK |0 939   |a 20-02-24  |b l01 
ORI |a SA-MARC-ixtheoa001.raw 
REL |a 1 
STA 0 0 |a Book illumination,Manuscript illumination,Illumination,Deutschland (boat, 1866-1875),Germany,Germany,Germany,Germany,German Federal Republic (motif),Germany,Germany,Germany,Germany,Germany,Germany,Federal Republic of Germany,Germany,German Democratic Republic,Germany,Germany,Germany,Soviet Occupation Zone,French Occupation Zone 
STB 0 0 |a Deutschland (bateau, 1866-1875),Allemagne,Allemagne,République fédérale d'Allemagne (motif),Enluminure 
STC 0 0 |a Alemania,Alemania,Iluminura 
STD 0 0 |a Germania,Germania,Miniatura 
STE 0 0 |a 书籍彩饰,书籍彩图,德国,德国 
STF 0 0 |a 德國,德國,書籍彩飾,書籍彩圖 
STG 0 0 |a Alemanha,Alemanha,Iluminura 
STH 0 0 |a Германия (ГДР, мотив),Германия (мотив),Живопись в книге 
STI 0 0 |a Γερμανία (ΛΔΓ, μοτίβο),Γερμανία (μοτίβο),Εικονογράφηση βιβλίων 
SUB |a REL 
SYG 0 0 |a DDR,Deutsche Demokratische Republik,Germany,Amerikanische Zone Deutschlands,BRD,Britische Zone Deutschlands,Bundesrepublik Deutschland,Französische Zone Deutschlands,Vereinigtes Wirtschaftsgebiet Deutschlands,BRD,Bundesrepublik Deutschland , Vereinigtes Wirtschaftsgebiet,Bizone,Verwaltung des Vereinigten Wirtschaftsgebietes,Französische Zone,Zone Française d'Occupation,Französische Besatzungszone,ZFO,Britische Zone,British occupation zone,Britische Besatzungszone,British Zone of Control,Britisches Kontrollgebiet,British Element,Britisches Element,Sowjetische Zone,Russische Zone,Sowjetische Besatzungszone,Russische Besatzungszone,Sowjetische Besatzungszone Deutschlands,Sowjetische Besatzungszone in Deutschland,Sowjetisch Besetzte Zone,Sowjetzone,Ostzone,SBZ,Länder,Westliche Bundesländer,Alte Bundesländer,Deutschland,Westdeutschland,Deutschland,Westzonen,Westliche Besatzungszonen,Trizone,Östliche Bundesländer,Neue Bundesländer,Länder,Deutschland,Ostdeutschland,Deutschland,Deutschland,Deutsche Demokratische Republik,DDR,Deutschland,German Democratic Republic,GDR,République Démocratique Allemande,RDA,Germanskaja Demokratičeskaja Respublika,Demokratičeskaja Respublika,Democratic Republic,Demokratische Republik,Niemiecka Republika Demokratyczna,NRD,Ǧumhūrīyat Almāniyā ad-Dīmuqrāṭīya,República Democrática Alemana,Saksan Demokraattisen Tasavallan,Repubblica Democratica Tedesca,Mitteldeutschland,Ostdeutschland,East Germany,Ostzone,Alemanha,Alemania,Allemagne,Almanija,Almāniyā,Bondsrepubliek Duitsland,BRD,BRD,Bundesrepublik Deutschland,Deutschland,Deutschland,Federal Republic of Germany,Förbundsrepubliken Tyskland,Förbundsrepublikken Tyskland,FRG,Germany,Németországi Szövetségi Kőztársaság,Niemiecka Republika Federalna Niemiecka Republika Federalna,NRF,Repubblica Federale di Germania,Republic of Germany,República Federal da Alemanha,República Federal de Alemania,Republik Federasi Djerman,Republika Federalna Niemiec,République Fédérale d'Allemagne,RFN,Saksan Liittotasavalta,Westdeutschland,Deutsche Länder,Germany,Heiliges Römisches Reich,Rheinbund,Deutscher Bund,Norddeutscher Bund,Deutsches Reich,Deutschland,Deutschland,BRD,Federal Republic of Germany,Republic of Germany,Allemagne,Ǧumhūrīyat Almāniyā al-Ittiḥādīya,Bundesrepublik Deutschland,BRD,Niemcy,République Fédérale d'Allemagne,Repubblica Federale di Germania,Germanija,Federativnaja Respublika Germanija,FRG,Deyizhi-Lianbang-Gongheguo,Amerikanische Zone,American occupation zone,Amerikanische Besatzungszone,ABZ,United States Area of Control,Amerikanisches Kontrollgebiet,U.S. zone of occupation,United States Zone,U.S. Zone,US-Zone , Buchillumination,Handschrift,Handschriftenillustration,Illumination,Miniaturmalerei,Handschrift 
TIM |a 100008000101_100011001231  |b Geschichte 800-1100